| 000 | 01064nac a22002891i 4500 | ||
|---|---|---|---|
| 003 | EG-ScBUE | ||
| 005 | 20230104115308.0 | ||
| 008 | 230104s1996 enka f 000 0 eng d | ||
| 020 | _a1850297940 | ||
| 020 | _a9781850297949 | ||
| 040 |
_aEG-ScBUE _beng _erda _cEG-ScBUE _dEG-ScBUE |
||
| 082 | 0 | 4 |
_a745.723 _bBEL _222 |
| 100 | 1 |
_aBell, Cressida, _eauthor. |
|
| 245 | 1 | 4 |
_aThe decorative painter : _bover 100 designs and ideas for painted projects / _cCressida Bell ; special photography by Nadia Mackenzie. |
| 264 | 1 |
_aLondon : _bConran Octopus, _c1996. |
|
| 300 |
_a128 pages, [16] pages of plates : _billustrations (some color) ; _c29 cm |
||
| 336 |
_2rdacontent _atext _btxt |
||
| 337 |
_2rdamedia _aunmediated _bn |
||
| 338 |
_2rdacarrier _avolume _bnc |
||
| 650 | 7 |
_aFurniture painting _xAmateurs' manuals. _2BUEsh |
|
| 650 | 7 |
_aDecoration and ornament. _2BUEsh |
|
| 650 | 7 |
_aInterior decoration _vAmateurs' manuals. _2BUEsh |
|
| 653 | _bART | ||
| 655 | _vReading book | ||
| 700 | 1 |
_aMackenzie, Nadia, _ephotographer. |
|
| 942 |
_cBB _k745.723 BEL _2ddc |
||
| 999 |
_c6360 _d6360 |
||